| 000 | 00668nam a2200205Ia 4500 | ||
|---|---|---|---|
| 003 | OSt | ||
| 005 | 20251024120151.0 | ||
| 008 | 220923b |||||||| |||| 00| 0 eng d | ||
| 020 | _a0199493189 | ||
| 037 | _cGeneral Book | ||
| 040 |
_aRTL _cRTL _beng |
||
| 041 |
_2eng _aeng |
||
| 084 |
_aY:3(NW).2.P, Q9 _qRTL |
||
| 100 |
_aPaunksnis. Sarunas. _9307588 |
||
| 245 | 0 | _aDark fear, eerie cities: new hindi cinema in neoliberal India. | |
| 260 |
_a New Delhi _bOxford University Press _c2019 |
||
| 300 |
_axx,172 p. _ccm. _bIncludes bibliographical references and index. |
||
| 942 |
_hY:3(NW).2.P, Q9 _cGB _2CC _n0 |
||
| 999 |
_c608303 _d608303 |
||